Guess the brand/ Indovina il marchio - Statistics

Statistiche generali
  • Questo quiz è stato fatto 630 volte
    612 dall'ultimo reset
  • Il punteggio medio è 52 su 64
Statistiche sulle risposte
con Immagini Risposta % Corretto
Ferrari
99%
Audi
97%
Ebay
96%
Pepsi
96%
Adidas
95%
Amazon
95%
Apple
95%
Disney
95%
Google
95%
Nike
95%
Nintendo
95%
Puma
95%
Twitter
95%
Samsung
94%
Coca-Cola
93%
Lego
93%
Pringles
92%
Sprite
92%
Gucci
91%
McDonald's
91%
Red Bull
91%
Visa
91%
Playstation
90%
Kfc
89%
LG
89%
Netflix
89%
Starbucks
89%
Toyota
89%
Fanta
88%
Microsoft
88%
Dove
87%
Jordan
87%
Android
86%
Mastercard
86%
Opel
86%
Chanel
84%
Heineken
84%
Yahoo!
84%
Louis Vuitton
83%
Ikea
82%
Ford
81%
Rolex
81%
Tesla
80%
Paypal
79%
Bmw
78%
Burger King
76%
Vodafone
75%
Lacoste
74%
Maserati
73%
Porsche
73%
Honda
72%
Lays
72%
Jaguar
68%
Shell
67%
Tommy Hilfiger
65%
Ups
61%
Mitsubishi
56%
Pizza Hut
54%
Subway
54%
Taco Bell
53%
Nestle
49%
Mustang
41%
Ing
24%
Olympics
19%
Nessun quiz corrispondente trovato
Distribuzione punteggi
Percentuale di utenti per punteggio
Percentile per numero di risposta
I tuoi punteggi nel tempo
Non hai fatto questo quiz dall'ultimo reset